000 01062nam a22003017a 4500
001 4966
003 FISKH
005 20241107103454.0
008 241028b cb ||||| |||| 00| 0 eng d
020 _a9781407105352
040 _aFISKH
_beng
_cFISKH
_dFISKH
050 _aQH375
082 _a577
100 _aGates, Phil
245 _aEvolve or Die /
_cby Phil Gates : illustrated by Tony De Saulles
250 _aFirst published in the UK by Scholastic Ltd, 1999
260 _aNew York :
_bScholastic ;
_c1999 .
300 _a142 pages :
_billustrations ;
_c20 cm .
490 _aHorrible Science
505 _aZ
520 _aWhy are mutating mosquitoes humankind's worst enemy? Which dinosaurs let loose some deafening farts? Why do rabbits eat their own poo? Get the awful answers to those queasy questions in this horrible book of science.
521 8 _a1020
_bLexile
521 8 _aZ
_bRaz-Plus
650 _aHorrible Science
_vnon-fiction
700 _aSaulles, Tony De
_eillustrator
942 _2ddc
_cBK
_n0
999 _c4966
_d4966